The Holy Bible, New international version, the New Testament. (Record no. 3230)
[ view plain ]
| 000 -LEADER | |
|---|---|
| fixed length control field | 00410cam a2200133 i 4500 |
| 050 00 - CALL NUMBER | |
| Classification number | BS2095 |
| Item number | .I57 |
| 130 0# - TITLE | |
| TITLE | Bible. |
| 245 14 - TITLE | |
| Title | The Holy Bible, New international version, the New Testament. |
| 260 ## - PUBLICATION INFORMATION | |
| Place of publication | Grand Rapids : |
| Name of publisher | Zondervan Bible Publishers, |
| Year of publication | 1973. |
| 300 ## - DESCRIPTION | |
| Number of Pages | viii, 822 p. : |
| Other physical details | illus., maps ; |
| Dimensions | 19 cm. |
| 500 ## - NOTES | |
| General note | On spine: New international version. |
| 500 ## - NOTES | |
| General note | Includes index. |
| 942 ## - ADDED ENTRY ELEMENTS (KOHA) | |
| Koha item type | Books |
| Withdrawn status | Lost status | Home library | Current library | Shelving location | Date acquired | Full call number | Accession Number | Koha item type |
|---|---|---|---|---|---|---|---|---|
| Methodist University Library Tema | Methodist University Library Tema | Reference | 13/03/2008 | BS2095 .I57 | 35720 | Books | ||
| Methodist University Library Tema | Methodist University Library Tema | Reference | 13/03/2008 | BS2095 .I57 | 35719 | Books |